00551cam a22001697a 4500008004000000082001400040100001600054245006300070260003100133300001000164500001300174650003800187650002400225650002800249999001900277952008500296180718b1970 xxu||||| |||| 00| 0 eng d aLx54 G959 aGupta, B.N. aIndian federal finance and budgetary policycby B.N. Gupta aAllahabadbChattanyac1970 a467p. aRs.37.00 aFederal - State Relations - India aFederal Aid - India aFinance, Public - India c367128d367128 00104070aIIPAbIIPAd1994-05-09oLx54 G959p45101r2018-07-21w2018-07-21yBK